| 000 | 00600cam a22002291 4500 | ||
|---|---|---|---|
| 001 | sa 66005690 | ||
| 003 | DLC | ||
| 005 | 20260227112251.0 | ||
| 008 | 941012s1962 ii a 000 0 beno | ||
| 010 | _asa 66005690 | ||
| 025 | _aPL480:I-B-1812 | ||
| 035 | _a(OCoLC)31266546 | ||
| 040 |
_aDLC _cCU _dCU _dDLC |
||
| 042 | _apremarc | ||
| 050 | 0 | 0 |
_aBL1226.85 _b.C5 |
| 100 | 1 |
_aCaṭṭopādhyāẏa, Pramodakumāra, _d1885- |
|
| 245 | 1 | 0 | _aTantrābhilāsīra sādhusanga. |
| 260 | _c[1962] | ||
| 300 |
_a2 v. _billus. _c23 cm. |
||
| 500 | _aIn Bengali. | ||
| 650 | 0 |
_aSadhus _zHimalaya Mountains. |
|
| 999 |
_c70106 _d70106 |
||